[Event "Warsaw Najdorf Memorial op-B"]
[Site "Warsaw"]
[Date "2021.07.16"]
[Round "7"]
[White "Lochina, Justyna"]
[Black "Zdybel, Tomasz"]
[Result "1-0"]
[WhiteElo "1514"]
[BlackElo "1400"]
[PlyCount "73"]
[EventDate "2021.07.10"]
[EventType "swiss"]
[EventRounds "9"]
[EventCountry "POL"]
[SourceTitle "EXT 2022"]
[Source "ChessBase"]
[SourceDate "2021.10.06"]
[SourceVersion "1"]
[SourceVersionDate "2021.10.06"]
[SourceQuality "1"]

1. e4 c5 2. Nf3 d6 3. d4 cxd4 4. Nxd4 Nf6 5. Nc3 a6 6. Bc4 e6 7. Bb3 Be7 8. 0-0 0-0 9. f4 b5 10. Re1 Bb7 11. f5 b4 12. Na4 e5 13. Nf3 Bxe4 14. Rxe4 Nxe4 15. Qd5 Nd7 16. Qxe4 a5 17. Qe2 Qc7 18. Be3 Rac8 19. c3 Qb7 20. Rd1 h6 21. Bd5 Qc7 22. Bf2 Kh8 23. Qd2 Nc5 24. Nxc5 dxc5 25. Bg3 Bf6 26. c4 Rfe8 27. Qe2 Qd7 28. Be6 Qxd1+ 29. Qxd1 fxe6 30. Nxe5 exf5 31. Nf7+ Kh7 32. Nd6 Rcd8 33. Qc2 Bd4+ 34. Kf1 Rf8 35. Nb5 Be3 36. Be1 g6 37. Nc7 1-0